| 000 | 01998nam a2200421Ia 4500 | ||
|---|---|---|---|
| 001 | ebr10635019 | ||
| 003 | CaPaEBR | ||
| 006 | m u | ||
| 007 | cr cn||||||||| | ||
| 008 | 120817s2012 enkab sb 101 0 eng d | ||
| 010 | _z 2012033890 | ||
| 020 | _z0857285572 (hardcover : alkaline paper) | ||
| 020 | _z9780857282231 | ||
| 020 | _z9780857285577 (hardcover : alkaline paper) | ||
| 040 |
_aCaPaEBR _cCaPaEBR |
||
| 035 | _a(OCoLC)822227313 | ||
| 050 | 1 | 4 |
_aDK508.8374 _b.H654 2012eb |
| 245 | 0 | 0 |
_aHolodomor and Gorta M�or _h[electronic resource] : _bhistories, memories and representations of famine in Ukraine and Ireland / _cedited by Christian Noack, Lindsay Janssen and Vincent Comerford. |
| 260 |
_aLondon ; _aNew York : _bAnthem Press, _c2012. |
||
| 300 |
_aviii, 276 p. : _bill., maps. |
||
| 440 | 0 | _aAnthem series on Russian, East European and Eurasian studies | |
| 500 | _aPapers of the conference held at Maynooth on November 6-7, 2009. | ||
| 504 | _aIncludes bibliographical references and index. | ||
| 533 |
_aElectronic reproduction. _bPalo Alto, Calif. : _cebrary, _d2013. _nAvailable via World Wide Web. _nAccess may be limited to ebrary affiliated libraries. |
||
| 546 | _aSome articles translated from Russian and Polish. | ||
| 650 | 0 |
_aFamines _zUkraine _y20th century _xHistory _vCongresses. |
|
| 650 | 0 |
_aFamines _zIreland _xHistory _y19th century _vCongresses. |
|
| 651 | 0 |
_aUkraine _xHistory _yFamine, 1932-1933 _vCongresses. |
|
| 651 | 0 |
_aIreland _xHistory _yFamine, 1845-1852 _vCongresses. |
|
| 651 | 0 |
_aUkraine _xHistory _yFamine, 1932-1933 _xHistoriography _vCongresses. |
|
| 651 | 0 |
_aIreland _xHistory _yFamine, 1845-1852 _xHistoriography _vCongresses. |
|
| 655 | 7 |
_aElectronic books. _2local |
|
| 700 | 1 | _aNoack, Christian. | |
| 700 | 1 | _aJanssen, Lindsay. | |
| 700 | 1 | _aComerford, Vincent. | |
| 710 | 2 | _aebrary, Inc. | |
| 856 | 4 | 0 |
_uhttp://site.ebrary.com/lib/rucke/Doc?id=10635019 _zAn electronic book accessible through the World Wide Web; click to view |
| 999 |
_c47913 _d47913 |
||